Guess the Tom Cruise Movie - Statistics

General Stats
  • This quiz has been taken 29 times
  • The average score is 5 of 15
Answer Stats
Year Role Film % Correct
1996 Ethan Hunt Mission: Impossible
100%
1986 Lt. Pete "Maverick" Mitchell Top Gun
100%
1996 Jerry Maguire Jerry Maguire
78%
2012 Jack Reacher Jack Reacher
75%
2022 Capt. Pete "Maverick" Mitchell Top Gun: Maverick
67%
2008 Les Grossman Tropic Thunder
64%
1989 Ron Kovic Born on the Fourth of July
60%
2008 Colonel Claus von Stauffenberg Valkyrie
60%
1988 Brian Flanagan Cocktail
57%
1999 Dr. William Harford Eyes Wide Shut
57%
1994 Lestat de Lioncourt Interview with the Vampire
55%
2000 Ethan Hunt Mission: Impossible 2
50%
2023 Ethan Hunt Mission: Impossible – Dead Reckoning Part One
50%
1992 Lt. Daniel Kaffee A Few Good Men
44%
2014 Major William "Bill" Cage Edge of Tomorrow
43%
1983 Joel Risky Business
40%
2010 Matthew Knight Knight and Day
38%
2011 Ethan Hunt Mission: Impossible – Ghost Protocol
38%
1988 Charlie Babbitt Rain Man
38%
2004 Vincent Collateral
33%
1999 Frank T.J. Mackey Magnolia
33%
2018 Ethan Hunt Mission: Impossible – Fallout
33%
1993 Mitch McDeere The Firm
33%
1983 Steve Randle The Outsiders
33%
2012 Stacee Jaxx Rock of Ages
29%
1990 Cole Trickle Days of Thunder
27%
2013 Jack Oblivion
27%
1981 Billy Endless Love
25%
2016 Jack Reacher Jack Reacher: Never Go Back
25%
1981 Capt. David Shawn Taps
25%
2017 Sgt. Nick Morton The Mummy
25%
2002 Chief John Anderton Minority Report
22%
2005 Ray Ferrier War of the Worlds
22%
1983 Woody Losin' It
18%
1986 Vincent Lauria The Color of Money
18%
2006 Ethan Hunt Mission: Impossible III
17%
2017 Barry Seal American Made
14%
1983 Stefen Djordjevic All the Right Moves
13%
1992 Joseph Donelly Far and Away
13%
2001 David Aames Vanilla Sky
11%
2015 Ethan Hunt Mission: Impossible – Rogue Nation
9%
2003 Nathan Algren The Last Samurai
8%
2002 Austin Powers Austin Powers in Goldmember
0%
1985 Jack Legend
0%
2007 Senator Jasper Irving Lions for Lambs
0%
No matching quizzes found
Score Distribution
Percent of People with Each Score
Percentile by Number Answered
Your Score History
You have not taken this quiz